1124 1941 1219 1993 1104 1939 1162 1202 1490 1518 1419 1760 1997 1236 1193 1097 1725 1488 1338 1966 1148 1063 1452 1685 1825 1818 1336 1934 1680 1372 1036 1192 1508 1706 1161 1290 1576 1620 1618 1971 1508 1687 1366 1176 1790 1921 1018 1588 1793 1373 1965 1264 1016 1569 1189 1078 1328 1541 1385 1741 1266 1000 1773 1812 1882 1519 1850 1386 1668 1501 1495 1554 1344 1517 1813 1904 1918 1365 1493 1255 1362 1219 1558 1078 1561 1082 1158 1879 1732 1232 1652 1624 1040 1259 1165 1907 1289 1740 1732 BCNSPRNW ULIB Ver.6.0+V

เปลี่ยนเป็นภาษาไทย

Change to English
 แสดงรายละเอียดบรรณานุกรม
  กลับหน้าหลัก

Brief Record : Get Marc (ISO 2709) : E-mail record : QR code < ปิดหน้าต่าง
LEADER : 00000nam 2200000uu 4500
001    13399114561
003     ULIB
008    120417s2011||||th 000 0 tha d
020    9789350251737
060  4 WY18.2^bC824c
100 3  Correia,Cecy
245 00 Comprehensive nursing manual/^cCorreia,Cecy
260    Mumbai:^bJaypee Brothers Medical,^c2011.
300    377 p:^c24 cm.
500    Forewords SA Pinto&Pranita S Pereira
650  7 Nursing^xmanual
650  7 Comprehensive Nursing
945    ^p0^l0^i031643
995    Kesorn
999 ^a ใช้งานได้ทุกระบบ
รายการนี้ยังไม่มีแท็ก
คุณยังไม่ได้ล็อกอิน คุณสามารถมีกิจกรรมร่วมกับเว็บไซต์ได้ แต่ต้องล็อกอินก่อน ::
  ล็อกอิน

รายการสื่อสารสนเทศ

ลำดับที่ ประเภท เลขเรียก/บาร์โค้ด สถานที่ สถานะ
- ไม่พบข้อมูล -

BibComment


ยังไม่เคยถูกคอมเมนท์

คอมเมนท์ทรัพยากรรายการนี้
  คอมเมนท์: Comprehensive nur..


 Copyright 2026. Bcnsprnw @Library